LEADER 01262nam0-22004091i-450- 001 990001144780403321 010 $a0-582-27781-7 035 $a000114478 035 $aFED01000114478 035 $a(Aleph)000114478FED01 035 $a000114478 100 $a--------d--------km-y0itay50------ba 101 0 $aeng 200 1 $a<>generalized Taylor's formula for functions of several variables and certain of its applications$fJ. A. Riestra 210 $aHarlow (UK)$cLongman$dc1995 215 $a125 p.$cill.$d25 cm 225 1 $aPitman research notes in mathematics series$v329 610 0 $aTeoria della distribuzione$aAnalisi funzionale 610 0 $aFunzioni di pił variabili reali 610 0 $aMappe differenziabili 610 0 $aFunzioni quasi analitiche 676 $a515.782 700 1$aRiestra,$bJ. A.$054812 801 0$aIT$bUNINA$gRICA$2UNIMARC 901 $aBK 912 $a990001144780403321 952 $aC-2-(329$b14591$fMA1 959 $aMA1 962 $a26B40 962 $a26B05 962 $a58C25 962 $a58C27 962 $a26E10 962 $a26B35 962 $a32B10 996 $aGeneralized Taylor's formula for functions of several variables and certain of its applications$9344689 997 $aUNINA LEADER 01100nam--2200397---450- 001 990001439480203316 005 20050126113054.0 035 $a000143948 035 $aUSA01000143948 035 $a(ALEPH)000143948USA01 035 $a000143948 100 $a20040219d1979----km-y0itay0103----ba 101 0 $aita 102 $aIT 105 $aa|||||||001yy 200 1 $aBasta morire di eroina$fdi Enzo Catania 210 $aPadova$cMastrogiacomo-Images, 70$d1979 215 $a143 p.$cill.$d20 cm 225 2 $aIn diretta$v1 410 0$12001$aIn diretta$v1 454 1$12001 461 1$1001-------$12001 606 0 $aTossicomania 606 0 $aEroina 676 $a178.8 700 1$aCATANIA,$bEnzo$035179 801 0$aIT$bsalbc$gISBD 912 $a990001439480203316 951 $aII.5. 724(Varie coll.417/1)$b87569 l.M.$cVarie coll. 959 $aBK 969 $aUMA 979 $aSIAV3$b10$c20040219$lUSA01$h1435 979 $aPATRY$b90$c20040406$lUSA01$h1741 979 $aCOPAT3$b90$c20050126$lUSA01$h1130 996 $aBasta morire di eroina$9935793 997 $aUNISA